Clubes de fútbol de un universo paralelo - Estadísticas

Estadísticas generales
  • Esta prueba ha sido intentada 26 veces
  • La puntuación promedio es 14 de 18
Estadísticas de respuestas
Jugador Club en un universo paralelo Club en nuestro universo % Correcto
Leonard Messy Internacional de Messy Inter de Miami
100%
La Niña Mala FC Brillantez FC Barcelona
92%
Antonio Gris-Hombre Almohadas de Madrid Atlético de Madrid
88%
Francisco Benz Baviera Multicampeón Bayern Munich
88%
Diego La Llorona Bocazo Joven Boca Juniors
88%
Sergio Agujero Millionaire's City Manchester City
88%
Ese Man de Belén Princes Sainte-Geneviève Paris Saint-Germain
88%
Enzo Francisco Ricos Plateados River Plate
88%
Harry Henry Armería Arsenal
84%
Güein Runi Mancuniana Unión Manchester United
84%
Emilio "Dibujos" Aldea Villana Aston Villa
80%
Júnior Hernán Volcano Olimpiadas León Olympique Lyon
80%
Miguel Hoy Ya Se Va Realeza Sebastián Real Sociedad
80%
Um Sábio SL Buenfervor SL Benfica
76%
Alejandro del Pilar Jóvenes Juventus
68%
Mateo Silverado División de La Corona Deportivo de La Coruña
60%
Rival Palmas Palmeiras
56%
T. Mojarra All Club Athletic Club
40%
No se encontraron pruebas coincidentes
Distribución de puntuación
Porcentaje de gente con cada puntuación
Porcentaje por número respondido
Historial de tus puntuaciones
No has intentado esta prueba.